| 000 | 00740nam a2200229 a 4500 | ||
|---|---|---|---|
| 001 | 69558 | ||
| 003 | BD-RjUL | ||
| 005 | 20211209081913.0 | ||
| 008 | 170412s1957 enka b 001 0 eng d | ||
| 035 | _a(BD-RjUL)69770 | ||
| 040 |
_aDLC/ICU _cCGU _dBD-RjUL _beng |
||
| 041 | 1 | _aengspa | |
| 082 | 0 |
_a541.35 _223 _bBUF 1964 |
|
| 100 | 1 |
_aBurriel-Martí, F. _q(Fernando). _9206035 |
|
| 245 | 0 | 0 |
_aFlame photometry : _ba manual of methods and applications / _cby F. Burriel-Martí and J. Ramírez-Muñoz. |
| 260 |
_aAmsterdam : _bElsevier, _c1964. |
||
| 300 |
_a531 p. : _bill. ; _c24 cm. |
||
| 504 | _aIncludes bibliography and index | ||
| 650 | 0 |
_aFlame photometry. _9206036 |
|
| 700 | 1 |
_aRamírez-Muñoz, J. _q(Juan) _9206037 |
|
| 942 |
_2ddc _cBK |
||
| 999 |
_c69558 _d69558 |
||